[Event "Hradec Kralove Region-chT 2223"]
[Site "Czech Republic"]
[Date "2023.03.19"]
[Round "10.1"]
[White "Cechura, Petr"]
[Black "Winter, Ondrej"]
[Result "1/2-1/2"]
[WhiteElo "2176"]
[BlackElo "2193"]
[PlyCount "25"]
[EventDate "2022.10.09"]
[EventType "team-tourn"]
[EventRounds "11"]
[EventCountry "CZE"]
[SourceTitle "EXT 2024"]
[Source "ChessBase"]
[SourceDate "2023.10.10"]
[SourceVersion "1"]
[SourceVersionDate "2023.10.10"]
[SourceQuality "1"]

1. e4 d6 2. Nf3 Nf6 3. d3 g6 4. g3 Bg7 5. Bg2 e5 6. 0-0 0-0 7. Re1 Nc6 8. c3 Re8 9. Nbd2 d5 10. Qc2 h6 11. Nf1 Be6 12. b3 a5 13. Bb2 1/2-1/2

[Event "Hradec Kralove Region-chT 2223"]
[Site "Czech Republic"]
[Date "2022.12.11"]
[Round "5.1"]
[White "Winter, Ondrej"]
[Black "Prouza, Tomas"]
[Result "1-0"]
[WhiteElo "2177"]
[BlackElo "1897"]
[PlyCount "77"]
[EventDate "2022.10.09"]
[EventType "team-tourn"]
[EventRounds "11"]
[EventCountry "CZE"]
[SourceTitle "EXT 2024"]
[Source "ChessBase"]
[SourceDate "2023.10.10"]
[SourceVersion "1"]
[SourceVersionDate "2023.10.10"]
[SourceQuality "1"]

1. e4 c5 2. Nf3 Nc6 3. Bb5 d6 4. 0-0 Bd7 5. Re1 e6 6. c3 Nf6 7. d4 Be7 8. Bf1 0-0 9. e5 dxe5 10. dxe5 Nd5 11. c4 Nb6 12. Nc3 Be8 13. Be3 a6 14. Qxd8 Rxd8 15. Rad1 Rxd1 16. Rxd1 f5 17. exf6 gxf6 18. Ne4 Nd7 19. Bh6 Rf7 20. Be2 Nf8 21. Be3 b6 22. Nd6 Bxd6 23. Rxd6 e5 24. Nh4 Nd4 25. Bxd4 exd4 26. Rxb6 Re7 27. Kf1 Re6 28. Rxe6 Nxe6 29. g3 Bc6 30. Bf3 Bxf3 31. Nxf3 Kf7 32. Ke2 Kg6 33. Kd3 Kf5 34. h3 h5 35. b4 cxb4 36. Nxd4+ Ke5 37. Nxe6 Kxe6 38. Kd4 Kd6 39. f3 1-0

[Event "Hradec Kralove Region-chT 2223"]
[Site "Czech Republic"]
[Date "2022.10.30"]
[Round "2.1"]
[White "Fiedler, Bedrich"]
[Black "Winter, Ondrej"]
[Result "1/2-1/2"]
[WhiteElo "2077"]
[BlackElo "2205"]
[PlyCount "49"]
[EventDate "2022.10.09"]
[EventType "team-tourn"]
[EventRounds "11"]
[EventCountry "CZE"]
[SourceTitle "EXT 2024"]
[Source "ChessBase"]
[SourceDate "2023.10.10"]
[SourceVersion "1"]
[SourceVersionDate "2023.10.10"]
[SourceQuality "1"]

1. d4 Nf6 2. c4 g6 3. Nc3 d5 4. cxd5 Nxd5 5. e4 Nxc3 6. bxc3 Bg7 7. Be3 c5 8. Qd2 Qa5 9. Rc1 0-0 10. Nf3 cxd4 11. cxd4 Qxd2+ 12. Kxd2 Nc6 13. d5 Rd8 14. Kc2 Nb4+ 15. Kb3 Na6 16. Bc4 b6 17. Bb5 Nc5+ 18. Bxc5 bxc5 19. Kc4 Rb8 20. Rb1 Bb7 21. Bc6 Bxc6 22. dxc6 Rbc8 23. Rhd1 Bd4 24. Nxd4 cxd4 25. Kb5 1/2-1/2

[Event "CZE-ch U16"]
[Site "Luhacovice"]
[Date "2022.03.16"]
[Round "6"]
[White "Bezdek, Tomas"]
[Black "Winter, Ondrej"]
[Result "0-1"]
[WhiteElo "1855"]
[BlackElo "2147"]
[PlyCount "140"]
[EventDate "2022.03.12"]
[EventType "swiss"]
[EventRounds "9"]
[EventCountry "CZE"]
[SourceTitle "EXT 2023"]
[Source "ChessBase"]
[SourceDate "2022.10.05"]
[SourceVersion "1"]
[SourceVersionDate "2022.10.05"]
[SourceQuality "1"]

1. e4 c5 2. Nf3 Nc6 3. d4 cxd4 4. Nxd4 g6 5. c4 Bg7 6. Be3 Nf6 7. Nc3 d6 8. Be2 0-0 9. 0-0 Bd7 10. Nc2 Rc8 11. Qd2 Be6 12. f4 a6 13. Rac1 Na5 14. b3 Qc7 15. Nb4 Qb8 16. f5 Bd7 17. Nbd5 Nc6 18. Nxf6+ Bxf6 19. Nd5 Bh8 20. f6 e6 21. Ne7+ Nxe7 22. fxe7 Rfe8 23. Bf4 e5 24. Bg5 Be6 25. c5 Rc6 26. Bc4 dxc5 27. Bxe6 Rxe6 28. Qd5 Qd6 29. Rfd1 Qxd5 30. exd5 Rd6 31. Rxc5 f6 32. Bc1 Kf7 33. Rc7 Rxe7 34. Rxe7+ Kxe7 35. Ba3 Kd7 36. Bxd6 Kxd6 37. Rc1 f5 38. Rc8 Bg7 39. Rb8 b5 40. Rb6+ Kxd5 41. Rxa6 Bf8 42. Kf1 Bc5 43. Ke2 b4 44. Ra8 Kd4 45. h3 e4 46. Rh8 Kc3 47. Rxh7 Kb2 48. Rc7 Bd4 49. Rb7 Bc3 50. Ra7 f4 51. Ra8 g5 52. Ra6 Bd4 53. Ra5 Bf6 54. Kd1 Bd8 55. Rb5 Kc3 56. Rc5+ Kd4 57. Rc8 Be7 58. Ke2 Kd5 59. Re8 Bd6 60. Rg8 Be7 61. Rg7 Bf6 62. Rb7 Kc5 63. Rf7 Bd8 64. h4 gxh4 65. Rxf4 Kd4 66. Rf7 Bg5 67. Rc7 Kd5 68. Rg7 Bf6 69. Rg8 Kd4 70. Rd8+ Bxd8 0-1

[Event "Hradec Kralove op 11th"]
[Site "Hradec Kralove"]
[Date "2021.11.07"]
[Round "2"]
[White "Winter, Ondrej"]
[Black "Mathisen, Runar"]
[Result "1-0"]
[WhiteElo "2026"]
[BlackElo "1880"]
[PlyCount "103"]
[EventDate "2021.11.06"]
[EventType "swiss"]
[EventRounds "9"]
[EventCountry "CZE"]
[SourceTitle "CBM 205 Extra"]
[Source "ChessBase"]
[SourceDate "2022.01.31"]
[SourceVersion "1"]
[SourceVersionDate "2022.01.31"]
[SourceQuality "1"]

1. e4 c5 2. Nf3 Nf6 3. e5 Nd5 4. c4 Nc7 5. d4 cxd4 6. Qxd4 Nc6 7. Qh4 d6 8. Bf4 dxe5 9. Nxe5 Qd4 10. Nc3 Nxe5 11. Rd1 Qc5 12. b4 Qxb4 13. Bxe5 f6 14. Bd3 Be6 15. Bxc7 Qxc3+ 16. Ke2 Rc8 17. Qh5+ g6 18. Qb5+ Kf7 19. Rc1 Qa3 20. Qxb7 Qc5 21. Bf4 Bg7 22. Qb5 Rhd8 23. Qxc5 Rxc5 24. Be3 Ra5 25. Rc2 Rxd3 26. Kxd3 Bf5+ 27. Kd2 Bxc2 28. Kxc2 Rxa2+ 29. Kb3 Ra6 30. c5 Ke6 31. Rd1 f5 32. Kb4 Ra2 33. Kb5 Be5 34. Kc6 a5 35. f4 Bb8 36. Rb1 Re2 37. Rxb8 Rxe3 38. Ra8 a4 39. Rxa4 Re4 40. Ra3 Rb4 41. Re3+ Re4 42. Rb3 Rc4 43. g3 Kf6 44. Kb6 e5 45. c6 e4 46. Kb7 Ke7 47. Rb1 Kd6 48. Rd1+ Kc5 49. c7 Rb4+ 50. Kc8 e3 51. Kd8 Rd4+ 52. Rxd4 1-0

[Event "CZE-ch U16"]
[Site "Herlikovice"]
[Date "2021.10.27"]
[Round "5"]
[White "Winter, Ondrej"]
[Black "Janous, Marek"]
[Result "1-0"]
[WhiteElo "2026"]
[BlackElo "1955"]
[PlyCount "45"]
[EventDate "2021.10.23"]
[EventType "swiss"]
[EventRounds "9"]
[EventCountry "CZE"]
[SourceTitle "EXT 2023"]
[Source "ChessBase"]
[SourceDate "2022.10.05"]
[SourceVersion "1"]
[SourceVersionDate "2022.10.05"]
[SourceQuality "1"]

1. e4 c6 2. Nf3 d5 3. Nc3 dxe4 4. Nxe4 Nf6 5. Nxf6+ exf6 6. Bc4 Bd6 7. Qe2+ Be7 8. 0-0 0-0 9. Re1 Bd6 10. d4 Qc7 11. c3 Rd8 12. Bf4 h5 13. Bxd6 Qxd6 14. Nh4 Bg4 15. f3 Bd7 16. Qe7 Be6 17. Rxe6 fxe6 18. Bxe6+ Kh7 19. Qf7 Qf4 20. Bf5+ Kh8 21. Ng6+ Kh7 22. Nxf4+ Kh8 23. Ne6 1-0

[Event "CZE-ch U16"]
[Site "Herlikovice"]
[Date "2021.10.23"]
[Round "1"]
[White "Winter, Ondrej"]
[Black "Hosova, Sandra"]
[Result "1-0"]
[WhiteElo "2026"]
[BlackElo "1458"]
[PlyCount "91"]
[EventDate "2021.10.23"]
[EventType "swiss"]
[EventRounds "9"]
[EventCountry "CZE"]
[SourceTitle "EXT 2023"]
[Source "ChessBase"]
[SourceDate "2022.10.05"]
[SourceVersion "1"]
[SourceVersionDate "2022.10.05"]
[SourceQuality "1"]

1. e4 c5 2. Nf3 Nc6 3. Bb5 g6 4. 0-0 Bg7 5. Bxc6 bxc6 6. Re1 d5 7. Qe2 e6 8. exd5 cxd5 9. Qb5+ Bd7 10. Qxc5 Ne7 11. c3 0-0 12. Qe3 Nf5 13. Qe2 Qb6 14. d4 Bb5 15. Qd1 Rab8 16. Nbd2 Rfc8 17. Ne5 Qd8 18. Qf3 Qe7 19. Qh3 f6 20. Nd3 e5 21. dxe5 fxe5 22. Nxe5 Bxe5 23. Nf3 Bxh2+ 24. Qxh2 Qb7 25. Bg5 Bd3 26. g4 Ng7 27. Re7 Qxb2 28. Qe5 Qxa1+ 29. Kh2 Qxc3 30. Rxg7+ Kh8 31. Bf6 Qxe5+ 32. Bxe5 h6 33. Rxg6+ Kh7 34. Rg7+ Kh8 35. Rb7+ Kg8 36. Rxb8 Rxb8 37. Bxb8 a6 38. Kg3 Kg7 39. Kf4 Kf6 40. Be5+ Kf7 41. Ke3 Be4 42. Nd2 Bg6 43. Kd4 Ke6 44. f4 Bf7 45. f5+ Kd7 46. Bf4 1-0

[Event "EU Union-ch U14"]
[Site "Kouty nad Desnou"]
[Date "2021.08.20"]
[Round "7.2"]
[White "Hladky, Tadeas"]
[Black "Winter, Ondrej"]
[Result "0-1"]
[WhiteElo "1908"]
[BlackElo "1968"]
[PlyCount "169"]
[EventDate "2021.08.14"]
[EventType "swiss"]
[EventRounds "9"]
[EventCountry "CZE"]
[SourceTitle "EXT 2022"]
[Source "ChessBase"]
[SourceDate "2021.10.06"]
[SourceVersion "1"]
[SourceVersionDate "2021.10.06"]
[SourceQuality "1"]

1. e4 c5 2. Nf3 d6 3. Bb5+ Bd7 4. Bxd7+ Qxd7 5. c4 Nc6 6. d4 cxd4 7. Nxd4 g6 8. Nc3 Bg7 9. Be3 Nf6 10. f3 0-0 11. 0-0 a6 12. a4 Rac8 13. b3 Rfd8 14. Qd2 e6 15. Nxc6 bxc6 16. Bb6 Re8 17. Rad1 Qb7 18. a5 Nd7 19. Na4 Nxb6 20. Nxb6 Rcd8 21. f4 Qe7 22. Rf3 c5 23. Kh1 Qh4 24. Rh3 Qe7 25. Rf3 h6 26. Rd3 Bd4 27. Rg3 Kh7 28. Re1 Rg8 29. Rf1 Rg7 30. b4 Rdg8 31. b5 g5 32. fxg5 Rxg5 33. Rxg5 Rxg5 34. Qf4 f6 35. bxa6 Be5 36. Qd2 Qa7 37. Rb1 Rg7 38. Rb3 Qxa6 39. Rf3 Qb7 40. Qe3 Rg4 41. Rh3 Rf4 42. g3 Qxe4+ 43. Qxe4+ Rxe4 44. a6 Re1+ 45. Kg2 Ra1 46. Nd7 Rxa6 47. Nf8+ Kg8 48. Nxe6 Ra4 49. Rh4 Kf7 50. Nc7 f5 51. Nb5 Kg6 52. Kf3 Ra2 53. Ke3 Bf6 54. Rh3 Be7 55. Kd3 Ra1 56. Kc2 Re1 57. Nc3 Bf6 58. Nd5 Re4 59. Kb3 Bg5 60. Kc3 Kf7 61. Rh5 Kg6 62. Rh3 Re1 63. Kd3 Ra1 64. Kc2 Rf1 65. Nc3 Rf3 66. Nd5 h5 67. Kd1 f4 68. Ke2 Ra3 69. Kf2 f3 70. Nf4+ Bxf4 71. gxf4 Rc3 72. Rh4 Kh6 73. f5 Kg5 74. f6 Kxf6 75. Rxh5 Rxc4 76. Kxf3 Ke6 77. h4 Rc1 78. Rh8 Kd5 79. h5 Rh1 80. h6 Kc4 81. h7 d5 82. Ke2 d4 83. Kd2 Rh2+ 84. Ke1 d3 85. Kf1 0-1

[Event "EU Union-ch U14"]
[Site "Kouty nad Desnou"]
[Date "2021.08.19"]
[Round "6.1"]
[White "Winter, Ondrej"]
[Black "Kanov, Nikola"]
[Result "1-0"]
[WhiteElo "1968"]
[BlackElo "2199"]
[PlyCount "79"]
[EventDate "2021.08.14"]
[EventType "swiss"]
[EventRounds "9"]
[EventCountry "CZE"]
[SourceTitle "EXT 2022"]
[Source "ChessBase"]
[SourceDate "2021.10.06"]
[SourceVersion "1"]
[SourceVersionDate "2021.10.06"]
[SourceQuality "1"]

1. e4 c6 2. Nc3 d5 3. Nf3 Bg4 4. h3 Bxf3 5. Qxf3 e6 6. d4 dxe4 7. Nxe4 Qxd4 8. Bd3 Nd7 9. Be3 Bb4+ 10. Ke2 Qd5 11. Qg3 Ne7 12. Qxg7 0-0-0 13. Qd4 Qxd4 14. Bxd4 e5 15. a3 exd4 16. axb4 Kb8 17. g3 Nd5 18. b5 c5 19. Nd6 Ne5 20. Nc4 Rhe8 21. Nxe5 Rxe5+ 22. Kd2 h6 23. Rae1 Rde8 24. Bc4 Nc7 25. Rxe5 Rxe5 26. Re1 Rxe1 27. Kxe1 Kc8 28. b6 axb6 29. Bxf7 Kd7 30. Ke2 Ke7 31. Bh5 b5 32. Kd3 b6 33. Ke4 Kf6 34. Be2 b4 35. f4 Ne6 36. h4 b5 37. Bxb5 h5 38. Be2 Ng7 39. g4 hxg4 40. Bxg4 1-0

[Event "CZE-ch U14"]
[Site "Kouty nad Desnou"]
[Date "2020.03.09"]
[Round "3"]
[White "Zednicek, Filip"]
[Black "Winter, Ondrej"]
[Result "0-1"]
[WhiteElo "1365"]
[BlackElo "1896"]
[PlyCount "92"]
[EventDate "2020.03.07"]
[EventType "swiss"]
[EventRounds "7"]
[EventCountry "CZE"]
[SourceTitle "CBM 195 Extra"]
[Source "ChessBase"]
[SourceDate "2020.05.31"]
[SourceVersion "1"]
[SourceVersionDate "2020.05.31"]
[SourceQuality "1"]

1. e4 c5 2. Nf3 Nc6 3. d4 cxd4 4. Nxd4 g6 5. Nc3 Bg7 6. Be3 Nf6 7. Bc4 0-0 8. Bb3 Re8 9. 0-0 d6 10. h3 Bd7 11. f4 Qb8 12. Nf3 b5 13. a3 a5 14. e5 dxe5 15. Nxe5 Nxe5 16. fxe5 Qxe5 17. Bd4 Qb8 18. Nd5 Be6 19. Nxe7+ Rxe7 20. Bxf6 Bxf6 21. Rxf6 Bxb3 22. cxb3 Qe5 23. Rf2 Rae8 24. Qf1 Qd5 25. Rf3 Qd4+ 26. Qf2 Qxf2+ 27. Rxf2 Re3 28. b4 axb4 29. axb4 Re1+ 30. Rxe1 Rxe1+ 31. Kh2 Re4 32. Kg3 Rxb4 33. Kf3 f5 34. Ke3 Kg7 35. Kd3 Kf6 36. Kc3 Rc4+ 37. Kd3 Kg5 38. g3 f4 39. g4 Kh4 40. Rf3 Rb4 41. Kc3 Re4 42. Kd3 Re3+ 43. Rxe3 fxe3 44. Kxe3 Kxh3 45. Kf4 b4 46. Kf3 g5 0-1

[Event "CZE-ch U14"]
[Site "Kouty nad Desnou"]
[Date "2020.03.07"]
[Round "1"]
[White "Kanak, Matyas"]
[Black "Winter, Ondrej"]
[Result "0-1"]
[WhiteElo "1499"]
[BlackElo "1896"]
[PlyCount "112"]
[EventDate "2020.03.07"]
[EventType "swiss"]
[EventRounds "7"]
[EventCountry "CZE"]
[SourceTitle "CBM 195 Extra"]
[Source "ChessBase"]
[SourceDate "2020.05.31"]
[SourceVersion "1"]
[SourceVersionDate "2020.05.31"]
[SourceQuality "1"]

1. e4 c5 2. Nf3 Nc6 3. c4 g6 4. d4 cxd4 5. Nxd4 Bg7 6. Be3 Nf6 7. Nc3 0-0 8. Be2 d6 9. 0-0 Bd7 10. Qd2 Nxd4 11. Bxd4 Bc6 12. Bf3 a5 13. Nd5 Bxd5 14. exd5 Nd7 15. Bxg7 Kxg7 16. Qc3+ Kg8 17. Be4 Qb6 18. Kh1 Rfc8 19. f4 Qb4 20. Qxb4 axb4 21. b3 Ra3 22. Rf2 Nc5 23. Bc2 Rca8 24. Bd1 Nxb3 25. Rb1 Nc5 26. Bb3 Nxb3 27. axb3 Ra1 28. Rff1 Rxb1 29. Rxb1 Ra2 30. Kg1 Kg7 31. g3 Kf6 32. g4 b6 33. Re1 e6 34. dxe6 fxe6 35. Rd1 Ke7 36. Re1 Kd7 37. Rd1 Rb2 38. Rd3 Rc2 39. Rh3 Rc3 40. Rg3 Kc6 41. Kf2 Rc2+ 42. Kg1 Rc3 43. Kf2 b5 44. cxb5+ Kxb5 45. Re3 Kc6 46. h4 Rxe3 47. Kxe3 Kd5 48. Kd3 e5 49. f5 gxf5 50. g5 e4+ 51. Ke3 Ke5 52. h5 f4+ 53. Ke2 Kf5 54. g6 hxg6 55. h6 Kf6 56. h7 Kg7 0-1

[Event "CZE-ch U10"]
[Site "Kouty nad Desnou"]
[Date "2017.03.18"]
[Round "9"]
[White "Winter, Ondrej"]
[Black "Paseka, Matyas"]
[Result "1/2-1/2"]
[WhiteElo "1303"]
[BlackElo "1441"]
[PlyCount "136"]
[EventDate "2017.03.11"]
[EventType "swiss"]
[EventRounds "9"]
[EventCountry "CZE"]
[SourceTitle "CBM 177 Extra"]
[Source "ChessBase"]
[SourceDate "2017.04.27"]
[SourceVersion "1"]
[SourceVersionDate "2017.04.27"]
[SourceQuality "1"]

1. e4 c5 2. Nf3 d6 3. d4 cxd4 4. Nxd4 Nf6 5. Nc3 a6 6. Be3 e5 7. Nf3 Qc7 8. Bd3 Nbd7 9. 0-0 Be7 10. Qd2 b5 11. a3 Bb7 12. Rfe1 0-0 13. Rad1 Bc6 14. Bg5 Qb7 15. Nh4 Kh8 16. Nf5 Nc5 17. Bxf6 gxf6 18. Re3 Rg8 19. Rh3 Bf8 20. Qe2 Rg5 21. f4 exf4 22. Qe1 Qa7 23. Kh1 Qb7 24. Qh4 h5 25. Be2 Bxe4 26. Nxe4 Qxe4 27. Bg4 Re8 28. Rg1 Bh6 29. Nxh6 Qg6 30. Nxf7+ Qxf7 31. Bxh5 Rxh5 32. Qxh5+ Qxh5 33. Rxh5+ Kg7 34. h3 Ne4 35. Rd5 Rc8 36. c3 Kf7 37. Rd4 Ng3+ 38. Kh2 Ne2 39. Rxd6 Nxg1 40. Kxg1 a5 41. Rd4 Kg6 42. Rxf4 Kg5 43. Rd4 Rc5 44. Kf2 f5 45. Kf3 Re5 46. h4+ Kf6 47. Kf4 Re2 48. Rd5 Rf2+ 49. Ke3 Rxb2 50. g3 Rb3 51. Kd3 b4 52. Rxa5 Rxc3+ 53. Kd2 Rxa3 54. Rxa3 bxa3 55. Kc3 Kg6 56. Kb3 Kh5 57. Kxa3 Kg4 58. Kb3 Kxg3 59. h5 f4 60. h6 f3 61. h7 f2 62. h8Q f1Q 63. Qg7+ Kh2 64. Qe5+ Kg1 65. Qg3+ Qg2 66. Qe1+ Kh2 67. Kc4 Qa2+ 68. Kd3 Qd5+ 1/2-1/2

[Event "CZE-ch U10"]
[Site "Kouty nad Desnou"]
[Date "2017.03.16"]
[Round "7"]
[White "Winter, Ondrej"]
[Black "Fizer, Marek"]
[Result "0-1"]
[WhiteElo "1303"]
[BlackElo "1493"]
[PlyCount "70"]
[EventDate "2017.03.11"]
[EventType "swiss"]
[EventRounds "9"]
[EventCountry "CZE"]
[SourceTitle "CBM 177 Extra"]
[Source "ChessBase"]
[SourceDate "2017.04.27"]
[SourceVersion "1"]
[SourceVersionDate "2017.04.27"]
[SourceQuality "1"]

1. e4 c5 2. Nf3 Nc6 3. d4 cxd4 4. Nxd4 Nf6 5. Nc3 e5 6. Nf3 d6 7. Be3 Be7 8. Bd3 0-0 9. 0-0 Be6 10. Re1 d5 11. exd5 Nxd5 12. Nxd5 Bxd5 13. Nd2 f5 14. f3 Qc7 15. c4 Be6 16. Nb3 Rad8 17. Qe2 Nb4 18. Bb1 Bxc4 19. Qf2 b6 20. Rc1 Qb7 21. Nd2 f4 22. Nxc4 fxe3 23. Qe2 Rc8 24. Be4 Qa6 25. a3 Nc6 26. Bxc6 Rxc6 27. Qf1 Bc5 28. Kh1 Bd4 29. Rab1 b5 30. Nxe3 Bxe3 31. Re1 Bd4 32. Qd3 Rh6 33. Re4 Qg6 34. Qxb5 Qg3 35. Qb3+ Kh8 0-1

[Event "CZE-ch U10"]
[Site "Kouty nad Desnou"]
[Date "2017.03.14"]
[Round "5"]
[White "Smolik, Jachym"]
[Black "Winter, Ondrej"]
[Result "1-0"]
[WhiteElo "1307"]
[BlackElo "1303"]
[PlyCount "115"]
[EventDate "2017.03.11"]
[EventType "swiss"]
[EventRounds "9"]
[EventCountry "CZE"]
[SourceTitle "CBM 177 Extra"]
[Source "ChessBase"]
[SourceDate "2017.04.27"]
[SourceVersion "1"]
[SourceVersionDate "2017.04.27"]
[SourceQuality "1"]

1. e4 e5 2. Nf3 Nc6 3. Bc4 Nf6 4. d3 Bc5 5. c3 d6 6. Bb3 Be6 7. Bc2 0-0 8. 0-0 Bg4 9. Nbd2 Qd7 10. h3 Bh5 11. g4 Bg6 12. b4 Bb6 13. a4 a6 14. a5 Ba7 15. Kh2 Rfe8 16. Bb3 Nd8 17. Nh4 c5 18. Ba3 b6 19. axb6 Bxb6 20. Nc4 Ba7 21. Ba4 Nc6 22. Na5 Rac8 23. Nxc6 Rxc6 24. Bxc6 Qxc6 25. bxc5 dxc5 26. Qb3 Rd8 27. Qc4 Qc8 28. f3 Rd6 29. Nxg6 hxg6 30. f4 Nd7 31. f5 g5 32. Rab1 Nf6 33. Bc1 Nh7 34. Be3 Qd7 35. Rfd1 Rc6 36. Qa4 Qc8 37. Qb3 c4 38. Qb7 Qxb7 39. Rxb7 Bxe3 40. dxc4 Rxc4 41. Rb8+ Nf8 42. Rdd8 Bc5 43. Rbc8 Rxc3 44. Rxf8+ Bxf8 45. Rxc3 a5 46. Rc8 a4 47. Ra8 a3 48. Kg3 f6 49. h4 Kf7 50. hxg5 fxg5 51. Kf3 Be7 52. Ke3 g6 53. fxg6+ Kxg6 54. Kd3 Kf7 55. Ra6 Ke8 56. Kc4 Kd7 57. Ra7+ Kd8 58. Kd5 1-0

[Event "CZE-ch U10"]
[Site "Kouty nad Desnou"]
[Date "2017.03.13"]
[Round "4"]
[White "Winter, Ondrej"]
[Black "Mohapl, Tomas"]
[Result "1-0"]
[WhiteElo "1303"]
[BlackElo "1293"]
[PlyCount "135"]
[EventDate "2017.03.11"]
[EventType "swiss"]
[EventRounds "9"]
[EventCountry "CZE"]
[SourceTitle "CBM 177 Extra"]
[Source "ChessBase"]
[SourceDate "2017.04.27"]
[SourceVersion "1"]
[SourceVersionDate "2017.04.27"]
[SourceQuality "1"]

1. e4 e5 2. Nf3 Nc6 3. Bc4 Nf6 4. d3 Bc5 5. 0-0 0-0 6. c3 d6 7. Nbd2 Be6 8. Bb3 Bb6 9. h3 Ne7 10. Re1 Ng6 11. Nf1 Re8 12. Ng3 h6 13. d4 Bxb3 14. Qxb3 Qd7 15. Qc2 Qc6 16. a4 a6 17. b3 exd4 18. c4 Qd7 19. Bb2 c5 20. a5 Bc7 21. b4 b6 22. Ba3 Qc6 23. axb6 Bxb6 24. Rab1 Rab8 25. b5 axb5 26. Rxb5 Bc7 27. Qb1 Rxb5 28. cxb5 Qb7 29. e5 Nd5 30. exd6 Rxe1+ 31. Nxe1 Bxd6 32. Ne4 Qc7 33. Nxd6 Qxd6 34. Nd3 Nc3 35. Qb2 Qb6 36. Bxc5 Qxb5 37. Qc2 Nf4 38. Nxf4 Qxc5 39. Ne2 Qc4 40. Nc1 Qc5 41. Ne2 Qe5 42. Nc1 Qe4 43. Qxe4 Nxe4 44. Kf1 Nc3 45. Ne2 Nb5 46. Ke1 Kf8 47. Kd2 Ke7 48. Kd3 Kd6 49. Nxd4 Nc7 50. Nf5+ Ke5 51. Nxg7 Kf6 52. Nh5+ Kg5 53. Ng3 Ne6 54. Ne4+ Kg6 55. g3 f5 56. Nd6 f4 57. g4 h5 58. Nc4 Kg5 59. f3 hxg4 60. hxg4 Nf8 61. Ke4 Nh7 62. Ne5 Nf6+ 63. Kd4 Kh4 64. Kd3 Nh7 65. Ke4 Kg3 66. Kf5 Nf8 67. g5 Kh4 68. g6 1-0